000 00845nam a2200253Ia 4500
003 OSt
005 20220923214115.0
006 a|||||r|||| 00| 0
007 ta
008 220922b |||||||| |||| 00| 0 hin d
024 _a167,021
037 _cTextual
040 _aARTS
_cARTS
_bhin
041 _2hin
_ahin
082 _aO152,1N07:g, K9
100 _aगुप्त, गणपतिचन्द्र
245 0 _aमहादेवी
_b नया मूल्यांकन
246 _ahinādevī: nayā mūlyāankana
260 _aमिसला
_b भारतेन्दु भवन
_c1969
300 _a348u`0
_ccm.
650 _aहिन्दी साहित्य
_9156264
942 _hO152,1N07:g, K9
_cTEXL
_2CC
999 _c321500
_d321500